New Perspectives on Pakistan (Record no. 296594)

000 -LEADER
fixed length control field 00318 a2200133 4500
001 - CONTROL NUMBER
control field 61521
020 ## - INTERNATIONAL STANDARD BOOK NUMBER
International Standard Book Number 9780195472233
082 ## - DEWEY DECIMAL CLASSIFICATION NUMBER
Classification number 954.91 SAE
090 ## - LOCALLY ASSIGNED LC-TYPE CALL NUMBER (OCLC); LOCAL CALL NUMBER (RLIN)
-- 37067
-- 37067
100 ## - MAIN ENTRY--PERSONAL NAME
Personal name Saeed Shafaqat
245 ## - TITLE STATEMENT
Title New Perspectives on Pakistan
260 ## - PUBLICATION, DISTRIBUTION, ETC.
Place of publication, distribution, etc. New York
Name of publisher, distributor, etc. Oxford University Press
Date of publication, distribution, etc. 2007
300 ## - PHYSICAL DESCRIPTION
Extent 428
942 ## - ADDED ENTRY ELEMENTS (KOHA)
Institution code [OBSOLETE] caenust
Call number prefix 954.91 SAE
Holdings
Withdrawn status Lost status Damaged status Not for loan Collection code Permanent Location Current Location Date acquired Total Checkouts Full call number Barcode Date last seen Price effective from Koha item type
          College of Aeronautical Engineering (CAE) College of Aeronautical Engineering (CAE) 04/03/2017   954.91 SAE CAE82057 04/05/2017 04/05/2017 Book
© 2023 Central Library, National University of Sciences and Technology. All Rights Reserved.